000 00639nam a2200241 i 4500
001 C2-0292705
003 PPAK
005 20180728024707.0
008 090108s2004 nyu |||| ||||| | eng d
020 _a1931082529
040 _aPPAK
_beng
_cPPAK
_erda
082 0 4 _a808.88
_223
090 0 0 _a808.88
_bJOH
_dLCK
100 1 _aJohnson, James Weldon,
_eauthor
245 1 0 _aWritings
264 1 _aNew York :
_bThe Library of America ,
_c2004
300 _a906 pages ;
_c21 cm
336 _2rdacontent
_atext
337 _2rdamedia
_aunmediated
338 _2rdacarrier
_avolume
650 1 0 _aLiterature - Collections
942 _ddc
_cB
999 _c97545
_d97545